| Tag |
First Indicator |
Second Indicator |
Subfields |
| LEADER |
00000cam a2200000 i 4500 |
| 001 |
in00003529421 |
| 005 |
20151105213103.0 |
| 008 |
141113t20152015nyu b 001 0 eng |
| 010 |
|
|
|a 2014044731
|
| 020 |
|
|
|a 9780199354283
|q hardcover
|q alkaline paper
|
| 020 |
|
|
|a 0199354286
|q hardcover
|q alkaline paper
|
| 020 |
|
|
|a 9780199354290
|q paperback
|q alkaline paper
|
| 020 |
|
|
|a 0199354294
|q paperback
|q alkaline paper
|
| 035 |
|
|
|a (OCoLC)ocn895501026
|
| 040 |
|
|
|a DLC
|e rda
|c DLC
|d UtOrBLW
|
| 043 |
|
|
|a n-us---
|
| 049 |
|
|
|a TXAM
|
| 050 |
0 |
0 |
|a UA34.S64
|b P73 2015
|
| 082 |
0 |
0 |
|a 356/.160973
|2 23
|
| 100 |
1 |
|
|a Prados, John,
|e author.
|
| 245 |
1 |
4 |
|a The US special forces :
|b what everyone needs to know /
|c John Prados.
|
| 246 |
3 |
|
|a U.S. special forces
|
| 246 |
3 |
|
|a United States special forces
|
| 264 |
|
1 |
|a New York :
|b Oxford University Press,
|c [2015]
|
| 264 |
|
4 |
|c ©2015
|
| 300 |
|
|
|a xv, 206 pages ;
|c 22 cm.
|
| 336 |
|
|
|a text
|b txt
|2 rdacontent
|
| 337 |
|
|
|a unmediated
|b n
|2 rdamedia
|
| 338 |
|
|
|a volume
|b nc
|2 rdacarrier
|
| 490 |
1 |
|
|a What everyone needs to know
|
| 504 |
|
|
|a Includes bibliographical references and index.
|
| 650 |
|
0 |
|a Special forces (Military science)
|z United States
|x History.
|
| 610 |
1 |
0 |
|a United States.
|b Army.
|b Special Forces
|x History.
|
| 830 |
|
0 |
|a What everyone needs to know.
|
| 945 |
|
|
|a PromptCat
|
| 946 |
|
|
|a stk
|
| 947 |
|
|
|a A14842872047
|
| 948 |
|
|
|a cataloged
|b h
|c 2015/6/23
|d c
|e dmitchel
|f 2:00:00 pm
|
| 994 |
|
|
|a 92
|b TXA
|
| 999 |
|
|
|a MARS
|
| 999 |
f |
f |
|s 2894f832-e153-3909-b550-5322c9e85b8a
|i a0c8e707-653e-3de2-be7f-aa80910342f6
|t 0
|
| 952 |
f |
f |
|p normal
|a Texas A&M University
|b College Station
|c Sterling C. Evans Library
|d Evans: Library Stacks
|t 0
|e UA34.S64 P73 2015
|h Library of Congress classification
|i unmediated -- volume
|m A14842872047
|
| 998 |
f |
f |
|a UA34.S64 P73 2015
|t 0
|l Evans: Library Stacks
|